| 000 | 00580nam a22002177a 4500 | ||
|---|---|---|---|
| 999 |
_c2599 _d2599 |
||
| 003 | AR-CdUCM | ||
| 008 | 190305b ||||| |||| 00| 0 spa d | ||
| 020 | _a84-217-4147-0 | ||
| 040 |
_aMUNICIPALIDAD PROVINCIAL DEL CUSCO _cBIBLIOTECA MUNICIPAL DEL CUSCO |
||
| 041 | _heng | ||
| 082 |
_a868.5 / _bW54 |
||
| 100 |
_aWhite, Patrick _99172 |
||
| 245 | _aLos calcinados / | ||
| 260 |
_aBarcelona : _bChimenos, _c1976. |
||
| 300 |
_a318 páginas ; _c18 cm. |
||
| 650 |
_aNovela _95 |
||
| 650 |
_aLiteratura _983 |
||
| 650 |
_aNarrativa _967 |
||
| 942 |
_2ddc _cLIBROS |
||
| 945 | _admma | ||